Nghề nuôi ốc hương và triển vọng phát triển ở nước ta /

Sparad:
Bibliografiska uppgifter
Huvudupphovsman: Nguyễn Thị Xuân Thu.
Materialtyp: Artikel
Språk:Vietnamese
Taggar: Lägg till en tagg
Inga taggar, Lägg till första taggen!
Thư viện lưu trữ: Thư viện Trường Đại học Đà Lạt
LEADER 00801nam a2200241 4500
001 DLU120144009
005 ##20121122
040 # # |a DLU  |b vie 
041 # # |a vie 
044 # # |a vn 
100 # # |a Nguyễn Thị Xuân Thu. 
245 # # |a Nghề nuôi ốc hương và triển vọng phát triển ở nước ta /  |c Nguyễn Thị Xuân Thu. 
773 # # |t Tuyển tập báo cáo khoa học: Hội thảo động vật thân mềm toàn quốc. Lần thứ hai - Nha Trang, 3-4/08/2001,   |g  2003, tr. 167-171 
920 # # |a Phòng Tạp chí -- Trung tâm Thông tin - Thư viện Trường Đại học Đà Lạt 
994 # # |a DLU 
900 # # |a True 
911 # # |a Nguyễn Thị Mai Anh 
925 # # |a G 
926 # # |a A 
927 # # |a BB 
980 # # |a Thư viện Trường Đại học Đà Lạt